FIFA World Cup 2018 - Belgian Squad - Statistics

General Stats
  • This quiz has been taken 39 times
  • The average score is 20 of 24
Answer Stats
Position Answer % Correct
5 Defender Jan Vertonghen
100%
7 Midfielder Kevin De Bruyne
100%
9 Forward Romelu Lukaku
100%
1 Goalkeeper Thibaut Courtois
100%
10 Forward Eden Hazard
97%
16 Midfielder Thorgan Hazard
97%
6 Midfielder Axel Witsel
93%
8 Midfielder Marouane Fellaini
93%
3 Defender Thomas Vermaelen
93%
2 Defender Toby Alderweireld
93%
14 Forward Dries Mertens
90%
12 Goalkeeper Simon Mignolet
87%
4 Defender Vincent Kompany
87%
22 Midfielder Nacer Chadli
83%
Manager Roberto Martinez
83%
15 Defender Thomas Meunier
80%
19 Midfielder Moussa Dembele
77%
21 Forward Michy Batshuayi
73%
17 Midfielder Youri Tielemans
70%
20 Defender Dedryck Boyata
63%
13 Goalkeeper Koen Casteels
63%
11 Midfielder Yannick Ferreira Carrasco
60%
18 Forward Adnan Januzaj
53%
23 Defender Leander Dendoncker
50%
No matching quizzes found
Score Distribution
Percent of People with Each Score
Percentile by Number Answered
Your Score History
You have not taken this quiz